Decisiones gerenciales estratégicas : una aplicación a la teoría de juegos /

Contenido: 1) Introducción y equilibrio de Nash; 2) Estrategias mixtas; 3) Juegos dinámicos; 4) Juegos repetidos e información imperfecta; 5) Juegos de información incompleta; 6) Juegos de señales; 7) Opciones reales y toma de decisiones financieras estratégicas; 8) Minicasos de estudio.

Gespeichert in:
Bibliographische Detailangaben
1. Verfasser: González F., Maximiliano (autor)
Weitere Verfasser: Guzmán V., Alexander (autor) (autor), Trujillo Dávila, María Andrea (autor) (autor)
Format: Buch
Sprache:Spanisch
Veröffentlicht: Bogotá, Colombia : Colegio de Estudios Superiores de Administración, 2017, c2017
Ausgabe:2a edición
Schlagworte:
Tags: Tag hinzufügen
Keine Tags, Fügen Sie das erste Tag hinzu!

MARC

LEADER 00000nam^a2200000^a^4500
001 000420506
005 20250521000000.0
009 20260310122511.767
020 |a 978-958-8988-14-6 
037 |a Acervo ITESO - Biblioteca 
041 |a ESP 
082 |a 658. 40353  |b GON 
100 |a González F., Maximiliano  |e (autor) 
245 1 0 |a Decisiones gerenciales estratégicas :  |b una aplicación a la teoría de juegos /  |c M. González F., A. Guzmán V., M.A. Trujillo Dávila. 
250 |a 2a edición 
264 4 |a Bogotá, Colombia :  |b Colegio de Estudios Superiores de Administración,  |c 2017, c2017 
300 |a 334 p. 
336 |a texto  |b txt  |2 rdacontenido 
337 |a sin mediación  |b n  |2 rdamedio 
338 |a volumen  |b nc  |2 rdasoporte 
520 |a Contenido: 1) Introducción y equilibrio de Nash; 2) Estrategias mixtas; 3) Juegos dinámicos; 4) Juegos repetidos e información imperfecta; 5) Juegos de información incompleta; 6) Juegos de señales; 7) Opciones reales y toma de decisiones financieras estratégicas; 8) Minicasos de estudio. 
521 |a 2021 BO Licenciatura en Administración de Empresas y Emprendimiento 
649 |a XX 
650 |a Teoría de Juegos -  |x Tema Principal 
650 |a Decisiones Estadísticas 
650 |a Toma de Decisiones -  |x Análisis de Información 
650 |a Información -  |x Administración 
650 |a Planeación Estratégica 
650 |a Estrategia en los Negocios 
650 |a Proceso Administrativo -  |x Dirección 
650 |a Administración 
650 |a Ciencias Administrativas 
700 |a Guzmán V., Alexander  |e (autor) 
700 |a Trujillo Dávila, María Andrea  |e (autor) 
910 |a Fondo General 
920 |a Impresos - Libros 
930 |a Colección General 
905 |a 101 
901 |a 0500336020  |b IT1  |c ACC  |i C172595  |u 20250521 
901 |a 0500336023  |b IT1  |c ACC  |i C172596  |u 20250521 
902 |a https://opac.biblio.iteso.mx/vufind/Record/000420506